2023-24 NFL RUSHING YARDS LEADERS *BY TEAM* - Statistics

General Stats
  • This quiz has been taken 253 times
  • The average score is 26 of 32
Answer Stats
Hint Answer % Correct
Atlanta Falcons - 976 Bijan Robinson
95%
Buffalo Bills - 1,122 James Cook
93%
Cincinnati Bengals - 1,034 Joe Mixon
92%
Washington Commanders - 733 Brian Robinson Jr.
91%
Detroit Lions - 1,015 David Montgomery
90%
Las Vegas Raiders - 805 Josh Jacobs
90%
San Francisco 49ers - 1,459 Christian McCaffrey
89%
Green Bay Packers - 656 Aaron Jones
88%
Tennessee Titans - 1,167 Derrick Henry
88%
Los Angeles Rams - 1,144 Kyren Williams
88%
Arizona Cardinals - 1,040 James Conner
88%
Denver Broncos - 774 Javonte Williams
88%
Kansas City Chiefs - 935 Isiah Pacheco
85%
Dallas Cowboys - 1,005 Tony Pollard
85%
Philadelphia Eagles - 1,049 D'Andre Swift
84%
New York Giants - 962 Saquon Barkley
84%
New Orleans Saints - 694 Alvin Kamara
83%
Baltimore Ravens - 821 Lamar Jackson
83%
Pittsburgh Steelers - 1,035 Najee Harris
83%
Miami Dolphins - 1,012 Raheem Mostert
83%
Jacksonville Jaguars - 1,008 Travis Etienne Jr.
82%
New York Jets - 994 Breece Hall
81%
Los Angeles Chargers - 628 Austin Ekeler
79%
Seattle Seahawks - 905 Kenneth Walker III
78%
Carolina Panthers - 902 Chuba Hubbard
72%
Tampa Bay Buccaneers - 990 Rachaad White
71%
Cleveland Browns - 813 Jerome Ford
64%
Chicago Bears - 657 Justin Fields
63%
New England Patriots - 642 Ezekiel Elliott
62%
Houston Texans - 898 Devin Singletary
61%
Minnesota Vikings - 700 Alexander Mattison
58%
Indianapolis Colts - 794 Zack Moss
55%
No matching quizzes found
Score Distribution
Percent of People with Each Score
Percentile by Number Answered
Your Score History
You have not taken this quiz